|
|
|
|
| LEADER |
02855nam a22004815i 4500 |
| 001 |
978-3-319-27796-7 |
| 003 |
DE-He213 |
| 005 |
20160409021840.0 |
| 007 |
cr nn 008mamaa |
| 008 |
160408s2016 gw | s |||| 0|eng d |
| 020 |
|
|
|a 9783319277967
|9 978-3-319-27796-7
|
| 024 |
7 |
|
|a 10.1007/978-3-319-27796-7
|2 doi
|
| 040 |
|
|
|d GrThAP
|
| 050 |
|
4 |
|a RB127
|
| 050 |
|
4 |
|a RD78.3-87.3
|
| 072 |
|
7 |
|a MMBP
|2 bicssc
|
| 072 |
|
7 |
|a MED093000
|2 bisacsh
|
| 082 |
0 |
4 |
|a 616.0472
|2 23
|
| 245 |
1 |
0 |
|a Integrating Pain Treatment into Your Spine Practice
|h [electronic resource] /
|c edited by Steven M. Falowski, Jason E. Pope.
|
| 264 |
|
1 |
|a Cham :
|b Springer International Publishing :
|b Imprint: Springer,
|c 2016.
|
| 300 |
|
|
|a XIII, 256 p. 80 illus., 38 illus. in color.
|b online resource.
|
| 336 |
|
|
|a text
|b txt
|2 rdacontent
|
| 337 |
|
|
|a computer
|b c
|2 rdamedia
|
| 338 |
|
|
|a online resource
|b cr
|2 rdacarrier
|
| 347 |
|
|
|a text file
|b PDF
|2 rda
|
| 505 |
0 |
|
|a Part One Identification and Management of Pain Patients -- Chapter 1 Identification of the Pain Patient -- Chapter 2 Role of Spinal Surgery in Pain Management -- Chapter 3 Failed Back Surgery Syndrome -- Chapter 4 Cervical Pain Syndromes -- Chapter 5 Revision Surgery and Alternative Treatment Options for Recurrent Pain -- Chapter 6 Considerations for Neuromodulation -- Part Two Integrating Pain into Practice -- Chapter 7 Practice Setup -- Chapter 8 Referral Networks -- Chapter 9 Integration of Specialties -- Chapter 10 Coding and Reimbursement for Spinal Cord Stimulation -- Part Three Pain Management Therapies -- Chapter 11 Medications Used for the Treatment of Back Pain -- Chapter 12 Interventional Procedures -- Chapter 13 Neuromodulation -- Chapter 14 Intrathecal Therapy for Chronic Spine Pain -- Part Four Surgical Pain Therapies -- Chapter 15 Epidural Paddle Placement for Spinal Cord Stimulation -- Chapter 16 Percutaneous Placement -- Chapter 17 Peripheral Nerve Stimulation - Cervical Syndromes -- Chapter 18 Peripheral Nerve Stimulation for Axial Pain Syndromes -- Chapter 19 Intrathecal Drug Delivery: Surgical Technique -- Chapter 20 Vertebroplasty and Kyphoplasty -- Chapter 21 Emerging Technology in Neuromodulation: Waveforms and New Targets in Spinal Cord Stimulation. .
|
| 520 |
|
|
|a .
|
| 650 |
|
0 |
|a Medicine.
|
| 650 |
|
0 |
|a Neurosurgery.
|
| 650 |
|
0 |
|a Orthopedics.
|
| 650 |
|
0 |
|a Pain medicine.
|
| 650 |
1 |
4 |
|a Medicine & Public Health.
|
| 650 |
2 |
4 |
|a Pain Medicine.
|
| 650 |
2 |
4 |
|a Neurosurgery.
|
| 650 |
2 |
4 |
|a Orthopedics.
|
| 700 |
1 |
|
|a Falowski, Steven M.
|e editor.
|
| 700 |
1 |
|
|a Pope, Jason E.
|e editor.
|
| 710 |
2 |
|
|a SpringerLink (Online service)
|
| 773 |
0 |
|
|t Springer eBooks
|
| 776 |
0 |
8 |
|i Printed edition:
|z 9783319277943
|
| 856 |
4 |
0 |
|u http://dx.doi.org/10.1007/978-3-319-27796-7
|z Full Text via HEAL-Link
|
| 912 |
|
|
|a ZDB-2-SME
|
| 950 |
|
|
|a Medicine (Springer-11650)
|